00585nam a2200181 i 450000100060000000300090000600500170001500700030003200800410003510000300007624500900010626000300019630000180022650500570024470000280030174000430032985200310037271423ES-MaACL20230906171127.0t|040810s1971 sp ||||1| spa d1 aGeiselmann, Josef Rupert.10aJesús el Cristo / cJosef Rupert Geiselmann ; versión por Luis F. Marco Benlloch. aAlcoy : bMarfil, c1971. av. ; c22 cm.8 aContiene: T.1: La cuestión del Jesús histórico1 aMarco Benlloch, Luis F.3 aLa cuestión del Jesús histórico. aES-MaACLjP-1806 bR.77298